Регионална библиотека "Любен Каравелов" - Русе

Славянски и славянобългарски селища в българските земи от края на VI-IX век | Животински костни остатъци от селището в местността Джеджови лозя при с. Попина (Запис номер 40878)

MARC детайли
000 -Лидер
Контролно поле с фиксирана дължина 01720nam a2200337 c 4500
003 - Код на организацията, давaща контролен номер
Контролно поле BLK
005 - Дата и час на последна редакция
Контролно поле 20180422100744.0
008 - Елементи от данни с фиксирана дължина
fixed length control field 180408b bul|||||r ||||||| ||bul||
010 ## - Наследен системен номер
LC control number KNG00044367000
040 ## - Източник на каталожния запис
Идентификатор на билиотеката - собственик на записа BLK
041 ## - Код за език
Код за езика на текст/звукозапис или на отделно заглавие Български
Код за езика КДБФ Български
080 ## - УДК
Текстов определител УДК Паметници на културата на историческите периоди. Археологическите паметници. Старини
УДК код - определител по УДК 904
УДК определител
УДК - код + определител 904
080 ## - УДК
Текстов определител УДК Палеонтология
УДК код - определител по УДК 56
УДК определител :636
УДК - код + определител 56:636
100 1# - Редна дума - Автор
Автор Въжарова, Живка Николова
Авторска отговорност първи автор
R(LIN) 277382
139 ## - Редно поле
Редна дума Въжарова, Живка Николова
Авторски знак Въ - В 90
245 10 - Сведения за заглавието
Заглавие Славянски и славянобългарски селища в българските земи от края на VI-IX век
Редно поле (дума) Живка Николова Въжарова; съавт. Стефан Иванов.
245 10 - Сведения за заглавието
Заглавие Животински костни остатъци от селището в местността Джеджови лозя при с. Попина
Подзаглавни данни
Редно поле (дума) Иванов, Стефан
257 ## - Страна на издаване
Страна на създаване/издаване България
260 ## - Област на издателските данни
-- София
Име на издателя, разпространителя и проч. БАН
Година на издаване 1965
300 ## - Физическа характеристика
Страници 228 с.
Илюстрации и др. с ил., 1 л. ил.
Размери/Мащаб 37 см
380 ## - Жанр
Жанр История
500 ## - Общи забележки
Забележка Изд. на БАН. Археол. инст. и музей. - 800 тир. - Библиогр. с. 189-198 ; Рез. на рус. и нем. ез.
650 #4 - Допълнително описание по предмет – тема
Основно описание – тема или топоним Селища - България - история
9 (RLIN) 258443
650 #4 - Допълнително описание по предмет – тема
Основно описание – тема или топоним България - старини
9 (RLIN) 262139
700 1# - Други автори (авторска отговорност)
Лично име Иванов, Стефан
Автороска отговорност (Описва отношението между автора и произведението) съавт.
9 (RLIN) 364137
852 ## - Местоположение
Форматна сигнатура Цб ІІ 2556
856 4# - Електронен адрес и достъп
Електронен формат pdf - файл
Път до файла /url/
856 4# - Електронен адрес и достъп
Електронен формат pdf - файл
Път до файла /url/
942 ## - АРТИКУЛИ
Вид на библиотечния материал Книги
Скрит в OPAC Не
944 ## - СЪЗДАВАНЕ И РЕДАКЦИЯ на ЗАПИСА
Създаване/Редакция Създаване
Дата на регистрацията/редакция 31.08.2016
Служител, извършил регистрацията/редакцията Грета_Цуфелде
944 ## - СЪЗДАВАНЕ И РЕДАКЦИЯ на ЗАПИСА
Създаване/Редакция Редакция
Дата на регистрацията/редакция 31.08.2016
Служител, извършил регистрацията/редакцията Грета_Цуфелде
999 ## - СИСТЕМНИ КОНТРОЛНИ НОМЕРА
Koha biblionumber 40878
Koha biblioitemnumber 40878
Наличности
Код за отписване Код за изгубен артикул Източник на класификационната схема Код за повреда Коз за рестрикции Код за отдаване Артикулен № Име на библиотеката - собственик Име на библиотеката, в която се намира в момента Статус (Текущо местоположение) Дата на вписване в системата Местоположение - отдел Цена в лева Инвентарен номер Систематично азбучна сигнатура Баркод Номер на екземпляра Цена в евро Служебна бележка Служебен тип на артикула
  Не е изгубен Universal Decimal Classification Не е повреден само за читалня ползва се в читалня 63936 Регионална библиотека "Любен Каравелов" Русе Регионална библиотека "Любен Каравелов" Русе Хранилище 1965-01-01 Хранилище 3.49 7232/65 Цб ІІ 2556 900000021648 1 1.78 N: стар фонд Дата: 01.01.1965 Книги
Изтеглен Не е изгубен   Не е повреден без рестрикции заемане за дома 63937 Регионална библиотека "Любен Каравелов" Русе Регионална библиотека "Любен Каравелов" Русе Заемна - подръчен фонд 1965-01-01 Заемна - подръчен фонд 0.00 6501/65 П 904/В 90 6501/65 2 0.00 N: стар фонд Дата: 01.01.1965 Книги
Vip Innovations Ltd, Rousse, Bulgaria 2025